|
|
|
|
| LEADER |
00000naa a2200000uu 4500 |
| 001 |
vtls011085300 |
| 003 |
SK-MaSNL |
| 005 |
20260302105148.0 |
| 008 |
210905|1996 xo |||||||||||||||||slo| |
| 015 |
|
|
|a SNBRA
|
| 035 |
|
|
|a (urnnbn)urn:nbn:sk:snk:ar-a0clwj
|
| 035 |
|
|
|a (uuid)f66bad0a-4291-410e-83be-f0ea317cd341
|
| 035 |
|
|
|a urn:nbn:sk:snk-aavrsd
|
| 040 |
|
|
|a SNKBUCL
|b slo
|c SNKBUCL
|e AACR2
|
| 041 |
0 |
|
|a slo
|
| 044 |
|
|
|a xo
|c SK
|
| 100 |
1 |
|
|a Ciho, Daniel
|4 aut
|9 783416
|
| 245 |
1 |
0 |
|a Informačný systém infraštruktúry
|c Daniel Ciho
|
| 773 |
0 |
|
|t Riadiace a simulačné procesy v koľajovej doprave
|d Žilina : Žilinský vzdelávací servis, 1996
|g S. 56-64
|z 8071350494
|
| 958 |
|
|
|a OND
|
| 958 |
|
|
|a article12
|
| 958 |
|
|
|a chapter
|
| 999 |
|
|
|c 1237613
|d 1239543
|